00787cam a22002531 4500999001700000001000800017003000400025005001700029008004100046010001700087035001800104040002700122042001200149050001500161082001000176100002800186245002000214260003100234300003900265650003000304906004500334942003200379952012200411 c23246d232468470502OSt20170126084103.0721208s1966 nyua j 000 0 eng  a 66011947  a(OCoLC)510885 aDLCcODaWUdOCoLCdDLC apremarc00aN7440b.C5 a701.11 aChase, Alice Elizabeth.10aLooking at art. aNew York,bCrowellc[1966] a119 p.billus. (part col.)c26 cm. 0aArtvJuvenile literature. a7bcbccoclcrplduencipf19gy-gencatlg 2lcccBOOKShN 7440 .C5 1966 00102lcc4070aMUCbMUCcTECHd2017-01-26eDonation (BFA)l0oN 7440 .C5 1966p30409r2018-07-23w2017-01-26yBOOKS